Medzinárodná ekonomická integrácia v rámci EÚ diplomová práca

Enregistré dans:
Détails bibliographiques
Auteur principal: Slivková, Ivana
Collectivité auteur: Obchodná fakulta EU. Katedra medzinárodného obchodu
Autres auteurs: Vargová, Andrea
Format: Livre
Langue:slovaque
Publié: Bratislava 2012
Tags: Ajouter un tag
Pas de tags, Soyez le premier à ajouter un tag!

MARC

LEADER 00000nbm a2200000 4500
001 0158024
005 20170703072255.7
041 0 |a slo 
044 |a SK 
245 1 0 |a Medzinárodná ekonomická integrácia v rámci EÚ  |b diplomová práca  |c Ivana Slivková ; školiteľ: Andrea Vargová 
264 1 |a Bratislava  |c 2012 
300 |a 74 s. 
100 1 |a Slivková, Ivana 
700 1 |a Vargová, Andrea 
710 2 |a Obchodná fakulta EU. Katedra medzinárodného obchodu